• 首页
  • 本馆介绍
  • 公告通知
  • 最新文献
  • 馆藏检索
  • 电子资源
  • 读者导购
  • 参考咨询
  • 我的图书馆
  • 登录
  • 详细信息显示
  • 放入我的书架
  • 预约/预借图书
  • 作者相关作品
  • 分类相关作品
  • 丛书相关作品
  • 出版社相关作品

书目信息

  • 表格格式
  • 工作单格式
  • 卡片格式
题名:
漫话东京
    
 
作者: 雅方 著
分册:  
出版信息: 上海   上海人民出版社  1981.10
页数: 245页
开本: 19cm
丛书名:
单 册:
中图分类: K931.35
科图分类:
主题词: 地理
电子资源:
ISBN:
000 00497nam0 2200193 45
001 0405131666
005 20060921172224.28
010    @dCNY0.55
091    @a11074.480
100    @a20040513d1981 km y0chiy0120 ea
101 0  @achi
200 1  @a漫话东京@AMan Hua Dong Jing@f雅方著@FYa Fang Zhu
210    @a上海@c上海人民出版社@d1981.10
215    @a245页@d19cm
606 0  @a地理
690    @aK931.35@v3
701  0 @a雅方@4著
801    @aCN@bTSTCL@c20060921
905    @f1@b64309@dK931.35@e1@b64308@f1
    
    漫话东京/雅方著.-上海:上海人民出版社,1981.10
    245页;19cm
    
    
    ISBN :CNY0.55
    
●
相关链接 在E读中查询图书 在五车中查询图书 在当当中查询图书 在豆瓣中查询图书


正题名:漫话东京     索取号:K931.35/1         预约/预借

序号 登录号 条形码 馆藏地/架位号 状态 备注
1 0064308   000083607   第二样本阅览室/ [索取号:K931.35/1] 在馆    
2 0064309   000083064   密集书库/ [索取号:K931.35/1] 在馆    
3 0064310   202238042   密集书库/ [索取号:K931.35/1] 在馆    
4 0064311   202161766   密集书库/ [索取号:K931.35/1] 在馆    
5 0064312   202143304   密集书库/ [索取号:K931.35/1] 在馆    
6 0443738   204437387   密集书库/ [索取号:K931.35/1] 在馆    
7 0467130   204671300   密集书库/ [索取号:K931.35/1] 在馆    
唐山师范学院图书馆 欢迎您!
大连网信软件有限公司© 版权所有